000
00267nam a2200109Ia 4500
008
190914s9999||||xx |||||||||||||| ||und||
100
_a
Dr. Muhammad Uzair
245
0
_a
Interest Free Banking
260
_a
New Jersey
_b
Prentice Hall
_c
2001
300
_a
2005
942
_c
BK
999
_c
9412
_d
9412